Customer Relationship Mangement (Record no. 1951)

MARC details
000 -LEADER
fixed length control field 00433nam a22001697a 4500
005 - DATE AND TIME OF LATEST TRANSACTION
control field 20160527114957.0
008 - FIXED-LENGTH DATA ELEMENTS--GENERAL INFORMATION
fixed length control field 160527b xxu||||| |||| 00| 0 eng d
020 ## - INTERNATIONAL STANDARD BOOK NUMBER
ISBN 9788125912057
041 ## - LANGUAGE CODE
Language code of text/sound track or separate title eng
082 ## - DEWEY DECIMAL CLASSIFICATION NUMBER
Item number 5487
100 ## - MAIN ENTRY--AUTHOR NAME
Personal name Mohamed, H. Pearu & Sagdevan, A
245 ## - TITLE STATEMENT
Title Customer Relationship Mangement
260 ## - PUBLICATION, DISTRIBUTION, ETC. (IMPRINT)
Place of publication New Delhi
Name of publisher Academic Faundation
Year of publication 2009
300 ## - PHYSICAL DESCRIPTION
Number of Pages 210
650 ## - SUBJECT ADDED ENTRY--TOPICAL TERM
Topical Term Management
942 ## - ADDED ENTRY ELEMENTS (KOHA)
Koha item type Books
Holdings
Lost status Damaged status Collection code Home library Current library Shelving location Date acquired Cost, normal purchase price Full call number Accession Number Koha item type
    MANAGEMENT JRU Library   SHELF- 66 J 27/05/2016 315.00 5487 5487 Books
    MANAGEMENT JRU Library JRU Library SHELF- 66 J 27/05/2016 315.00 5487 5488 Books
    MANAGEMENT JRU Library JRU Library SHELF- 66 J 27/05/2016 315.00 5487 5489 Books
    MANAGEMENT JRU Library JRU Library SHELF- 66 J 27/05/2016 315.00 5487 5490 Books
    MANAGEMENT JRU Library JRU Library SHELF- 66 J 27/05/2016 315.00 5487 5491 Books
    MANAGEMENT JRU Library JRU Library SHELF- 66 J 27/05/2016 315.00 5487 5492 Books
    MANAGEMENT JRU Library   SHELF- 66 J 27/05/2016 315.00 5487 5493 Books